Statistieken voor Mythologische personages

Klik hier om de quiz te nemen!

Algemene statistieken

  • Deze quiz is 68 keer genomen
  • De gemiddelde score is 21 van 30

Antwoordstatistieken

VraagAntwoord% Correct
Wie werd als kind ondergedompeld in de rivier Styx om onsterfelijk te worden, maar had wel één zwakke plek?Achilles
98%
Wie was de Griekse oppergod?Zeus
98%
Wie kon de toekomst voorspellen, maar werd nooit geloofd?Cassandra
91%
Wie woonde in het labyrint op Kreta?De Minotaurus
91%
Wie was de Romeinse godin van de jacht?Diana
91%
Wie was de Griekse godin van de liefde?Aphrodite
90%
Welke Griekse held moest twaalf werken uitvoeren?Herakles
90%
Wie doodde de Minotaurus?Theseus
86%
Welke god sprak in Delphi orakels?Apollo
84%
Wie opende een doos waar allerhande ziektes uit kwamen?Pandora
84%
Wie mocht een dag koning zijn, maar zat oncomfortabel op de troon omdat er een zwaard boven hem hing?Damocles
81%
Wie was de echtgenote van Orfeus?Eurydice
76%
Wie was de scheidsrechter in de schoonheidswedstrijd tussen de drie godinnen?Paris
76%
Wie doodde Medusa?Perseus
76%
Wie bedacht tijdens de Trojaanse Oorlog de list van het houten paard?Odysseus
74%
Wie werd door Zeus in een koe veranderd?Io
71%
Wie moest eeuwigdurend een rotsblok een berg op duwen?Sisyphus
67%
Wie schotelde zijn eigen zoon als feestmaal voor aan de goden?Tantalus
66%
Welk monster ligt begraven onder de Etna?Typhon
66%
Wie legde reizigers in een bed en hakte hun voeten af wanneer ze langer waren dan het bed?Procrustes
62%
Wie was de vrouw van de Romeinse oppergod?Juno
59%
Wie was de Romeinse god van de Onderwereld?Pluto
59%
Welke godin van de tweedracht zorgde voor ruzie op het bruiloftsfeest van Peleus en Thetis?Eris
57%
Welke centaur werd door Herakles gedood?Nessus
55%
Wie was de heraut van de Grieken?Stentor
55%
Wie was de scheidsrechter in de muziekwedstrijd tussen Pan en Apollo?Midas
47%
Wie was een draaikolk in de Straat van Messina?Charibdes
43%
Wie doodde Argus, de reus met honderd ogen?Hermes
41%
Wie trouwde met haar eigen zoon?Jocaste
38%
Wie kon het raadsel van de Sfinx in Thebe oplossen?Oedipus
36%

Scoreverdeling

Percentiel versus Aantal Correcte Antwoorden

Procent van Mensen met Elke Score

Uw Scoregeschiedenis

U heeft deze quiz nog niet genomen